| 000 | 01323nam a22003857a 4500 | ||
|---|---|---|---|
| 003 | CHAP | ||
| 005 | 20220329133058.0 | ||
| 008 | 971013s1991 r 00010 d | ||
| 010 | _a1908 | ||
| 011 | _a2880 | ||
| 035 | _a2080 | ||
| 040 | _cCHAP | ||
| 090 | _aTesis | ||
| 100 | 0 | 0 |
_aSánchez Marín, Francisco Javier. _9107673 |
| 245 | _aSistema simulador de dinámica poblacional con la matriz de leslie | ||
| 260 |
_aChapingo, Méx. : _bEl Autor, _c1991 |
||
| 300 |
_a105 h. _b: ilus. ; gráfs. |
||
| 500 | _aD43-189 | ||
| 502 | _aTesis (M.C. Esp. en Computo Aplicado) -- C.P. Centro de Esadística y Cálculo | ||
| 590 |
_aALEPH _b10 _c20130110 _lUCH01 _h1210 |
||
| 590 |
_aBATCH-UPD _b10 _c20130110 _lUCH01 _h0113 |
||
| 590 |
_aBATCH-UPD _b10 _c20130110 _lUCH01 _h1121 |
||
| 590 |
_aBATCH-UPD _b10 _c20130409 _lUCH01 _h2105 |
||
| 590 |
_aBATCH-UPD _b10 _c20130410 _lUCH01 _h0711 |
||
| 590 |
_aBATCH-UPD _b10 _c20130913 _lUCH01 _h1924 |
||
| 590 |
_aCONVERSION _b10 _c20130109 _lUCH01 _h1302 |
||
| 650 | 1 | 4 |
_aAcyrthosiphon pisum. _9815 |
| 650 | 1 | 4 |
_aMatrices. _973047 |
| 650 | 1 | 4 |
_aModelos matemáticos. _976419 |
| 650 | 1 | 4 |
_aProcesamiento automático de datos en ecología. _991772 |
| 901 | _aBK | ||
| 942 | _cFOLL | ||
| 949 |
_bBC _cTES _d-11578 _eTS1 _h23569 _i2080 _si |
||
| 949 |
_bBC _cTES _d-70439 _eTS2 _fc.2 _h23570 _i2080 _si |
||
| 999 |
_c1908 _d1908 |
||